000 00298nam a22001337a 4500
008 171102b xxu||||| |||| 00| 0 eng d
020 _a9780070974258
041 _aeng
080 _212TH
_a339.138
100 _a60
101 _aMAR
245 _aBASIC MARKETING
_cPERREAULT.W.D
942 _2udc
_cBK
999 _c37369
_d37369